Vista normal Vista MARC

Entrada Corporate Name

Número de registros utilizados en: 2

001 - CONTROL NUMBER

  • control field: 23791

003 - CONTROL NUMBER IDENTIFIER

  • control field: OSt

005 - DATE AND TIME OF LATEST TRANSACTION

  • control field: 20230915231058.0

008 - FIXED-LENGTH DATA ELEMENTS

  • fixed length control field: 230915|| aca||aabn | a|a d

040 ## - CATALOGING SOURCE

  • Original cataloging agency: OSt
  • Transcribing agency: OSt

110 ## - HEADING--CORPORATE NAME

  • Corporate name or jurisdiction name as entry element: Documento de trabajo e informe de la reunión de expertos sobre seguridad en la utilización de fibras minerales y sintéticas Ginebra 17 - 25 de Abril de 1989

670 ## - SOURCE DATA FOUND

  • Source citation: Work cat.: (OSt)26472: Documento de trabajo e informe de la reunión de expertos sobre seguridad en la utilización de fibras minerales y sintéticas Ginebra 17 - 25 de Abril de 1989, Seguridad en la utilización de fibras minerales y sintéticas, AlfaOmega









Instituto Departamental de Cultura del Meta - Red Departamental de Bibliotecas Públicas del Meta.